| 000 | 01608cad a22002775a 4500 | ||
|---|---|---|---|
| 001 | L156971 | ||
| 008 | 120802s2012 xxk f 000 0 eng d | ||
| 035 | _a(Sirsi) u156971 | ||
| 041 | 0 | _aeng | |
| 050 | 0 | 4 | _a692.8 $2 18 |
| 110 | 2 |
_aNational Buildings Specification _95911 |
|
| 240 | _aNBS BIM report | ||
| 245 | 0 | 0 |
_aNational construction contracts and law survey 2012 _h[electronic resource] |
| 260 |
_a[S.l.] _bRIBA Enterprises Ltd _c2012 |
||
| 505 | 2 | _aWhy is collaboration so hard? -- National Construction Contracts and Law Survey 2012 -- A bit of common sense -- UK construction adjudication: current trends and practical tips -- Going back to the basics | |
| 520 | _aThe first annual NBS national construction contracts and law survey shows that as with BIM, progress is at its best where there's collaboration. Many of the advantages that BIM brings (the requirement to collaborate, improved co-ordination, efficient working) are to do with basic good practice, mutual understanding, clear communication, information sharing and standardization and this survey underlines how significant these are to contracts and law as well. The survey was completed by members of many organisations in the industry including RICS. | ||
| 590 | _aKA NTK | ||
| 650 | 2 | 4 | _aBUILDING INFORMATION MODELLING |
| 650 | 2 | 4 |
_aBIM _96219 |
| 651 | 4 |
_aUnited Kingdom _y |
|
| 690 |
_aContracts _96232 |
||
| 690 |
_aBIM _96219 |
||
| 710 | 1 | _aRIBA Enterprises Ltd | |
| 856 | 4 | 0 |
_uhttps://www.thenbs.com/~/media/files/pdf/nbscontractsandlaw_2012.pdf?la=en _zView the item free of charge at www.thenbs.com |
| 942 | _n0 | ||
| 999 |
_c114524 _d114524 |
||